000 00308nam a22001337a 4500
008 171006b xxu||||| |||| 00| 0 eng d
020 _a060464143
041 _aeng
080 _a159.9
100 _a49
101 _aPSI
245 _aDIRECTING THE READING THINKING PROCESS
_cSTAUFFER,R.G
942 _2udc
_cBK
999 _c32254
_d32254